Maithilīśaraṇa Gupta aura Vallattola kā tulanātmaka adhyayana. (Record no. 75360)

MARC details
000 -LEADER
fixed length control field 00672cam a22002411 4500
001 - CONTROL NUMBER
control field sa 67005676
003 - CONTROL NUMBER IDENTIFIER
control field DLC
005 - DATE AND TIME OF LATEST TRANSACTION
control field 20260227112359.0
008 - FIXED-LENGTH DATA ELEMENTS--GENERAL INFORMATION
fixed length control field 890926s1966 ii c b 000 0 hino
010 ## - LIBRARY OF CONGRESS CONTROL NUMBER
LC control number sa 67005676
035 ## - SYSTEM CONTROL NUMBER
System control number (OCoLC)20397716
040 ## - CATALOGING SOURCE
Original cataloging agency DLC
Transcribing agency WaU
Modifying agency DLC
042 ## - AUTHENTICATION CODE
Authentication code premarc
050 00 - LIBRARY OF CONGRESS CALL NUMBER
Classification number PK2098.G8
Item number Z8
100 1# - MAIN ENTRY--PERSONAL NAME
Personal name Maṇi, K. S.
245 10 - TITLE STATEMENT
Title Maithilīśaraṇa Gupta aura Vallattola kā tulanātmaka adhyayana.
260 ## - PUBLICATION, DISTRIBUTION, ETC.
Date of publication, distribution, etc. [1966]
300 ## - PHYSICAL DESCRIPTION
Extent 21, 301 p.
Other physical details ports.
Dimensions 25 cm.
500 ## - GENERAL NOTE
General note In Hindi.
504 ## - BIBLIOGRAPHY, ETC. NOTE
Bibliography, etc. note Bibliography: p. [293]-301.
600 10 - SUBJECT ADDED ENTRY--PERSONAL NAME
Personal name Gupta, Maithili Sarana,
Dates associated with a name 1886-1964.
600 00 - SUBJECT ADDED ENTRY--PERSONAL NAME
Personal name Vaḷḷattōḷ,
Dates associated with a name 1878-1958.

No items available.

Powered by Koha